000 00506nam a22001577a 4500
999 _c14929
_d14929
003 OSt
005 20200131153620.0
008 200131b ||||| |||| 00| 0 eng d
040 _c2
082 _aDPer 050 Dec 2015-Mar 2016 T48 v186-187
100 _941463
_aZacharek, Stephanie.
245 _aIn the midst of atrocity, Son of Saul seeks grace/
_cStephanie Zacharek.
260 _aNew York:
_bTime Inc.,
_c©Dec 2015-Mar 2016.
300 _av187 n2, page 50-51:
_billustrations;
_c27 cm.
942 _2ddc
_cPER